Twarzą w twarz - zwierzęta - Statystyki

Ogólne statystyki
  • Ten quiz został rozwiązany 2 889 razy
  • Średni wynik to 11 z 15
Statystyki odpowiedzi
Zagadnienie Odpowiedź % Poprawnych
Który z poniższych jest głównie nocny?
96%
Który z poniższych ptaków nie potrafi latać?
95%
Które z poniższych zwierząt ma więcej niż jedno serce?
94%
Które z nich mogą dożyć starszego wieku?
93%
Który z poniższych jest ssakiem?
88%
Który z poniższych jest gatunkiem ryby?
84%
Która z poniższych opcji charakteryzuje się dłuższym okresem ciąży?
77%
Który z poniższych owadów żyje krócej (średnio)?
72%
Które z nich wyginęło wcześniej?
71%
Czego jest więcej: mrówek czy ryb?
69%
Które z poniższych zwierząt żyje w Arktyce?
69%
Które ze zwierząt poniżej posiada substancję trującą dla ludzi?
68%
Który z nich ma według IUCN status ochrony „krytycznie zagrożony”?
62%
Który z poniższych nie jest gatunkiem niedźwiedzia?
58%
Które z poniższych zwierząt śpi dłużej w ciągu doby?
17%
Nie znaleziono quizów pasujących do podanych kryteriów
Rozkład punktacji
Procent ludzi z każdym wynikiem
Percentyl według liczby udzielonych odpowiedzi
Twoja historia wyników
Nie rozwiązałeś tego quizu